logo

Bir Sreshtho Munshi Abdur Rouf Library
Jhenaidah Cadet College

Maritime affairs--a world handbook : (Record no. 9049)

MARC details
000 -LEADER
fixed length control field 01099cam a2200301 a 4500
001 - CONTROL NUMBER
JCCL Control Number 9049
003 - CONTROL NUMBER IDENTIFIER
JCCL marc code BD-JhCC
005 - DATE AND TIME OF LATEST TRANSACTION
control field 20180307193751.0
008 - FIXED-LENGTH DATA ELEMENTS--GENERAL INFORMATION
fixed length control field 851029s1985 miu b 001 0 eng
020 ## - INTERNATIONAL STANDARD BOOK NUMBER
International Standard Book Number 0810320517
020 ## - INTERNATIONAL STANDARD BOOK NUMBER
International Standard Book Number 0582902630 (Longman)
035 ## - SYSTEM CONTROL NUMBER
system control number (BD-JhCC)9049
040 ## - CATALOGING SOURCE
Original cataloging agency DLC
Transcribing agency DLC
Modifying agency DLC
-- BD-JhCC
041 ## - LANGUAGE CODE
Language code of Book eng
050 00 - LIBRARY OF CONGRESS CALL NUMBER
Classification number JX4408
Item number .D44 1985
082 00 - DEWEY DECIMAL CLASSIFICATION NUMBER
Classification number 341.4/5
DDC Edition number 19
Author mark and Year DEG 1985
100 1# - MAIN ENTRY--PERSONAL NAME
Personal name Degenhardt, Henry W.
245 10 - TITLE STATEMENT
Title Maritime affairs--a world handbook :
Remainder of title a reference guide to maritime organizations, conventions, and disputes, and to the international politics of the sea /
Statement of responsibility, etc compiled and written by Henry W. Degenhardt ; editorial consultant, Brian Meredith ; general editor, Alan J. Day.
260 ## - PUBLICATION, DISTRIBUTION, ETC. (IMPRINT)
Place of publication, distribution, etc Detroit :
Name of publisher, distributor, etc Gale Research Co. ;
Place of publication, distribution, etc Harlow, Essex, U.K. :
Name of publisher, distributor, etc Longman Group,
Date of publication, distribution, etc c1985.
300 ## - PHYSICAL DESCRIPTION
Pagination viii, 412 p. ;
Dimensions 26 cm.
440 #2 -
Title A Keesing's reference publication
500 ## - GENERAL NOTE
General note Includes index.
504 ## - BIBLIOGRAPHY, ETC. NOTE
Bibliography, etc Bibliography: p. 385-390.
650 #0 - SUBJECT ADDED ENTRY--TOPICAL TERM
Topical term or geographic name as entry element Law of the sea.
700 1# - ADDED ENTRY--PERSONAL NAME
Personal name Day, Alan J.
Fuller form of name (Alan John)
942 ## - ADDED ENTRY ELEMENTS (KOHA)
Source of classification or shelving scheme Dewey Decimal Classification
Koha item type Books
Holdings
Source of classification or shelving scheme Damaged status Not for loan Home library Current library Shelving location Total Checkouts Full call number Barcode Date last seen Copy number Koha item type
Dewey Decimal Classification     JCC Rouf Library JCC Rouf Library General Stacks   341.4/5 DEG 1985 12091 03/07/2018 C - 1 Books

JCC Library | Contacts | JCC Home

Last Update on 23 September 2017
Copyright @ 2017-2020 JCC Rouf Library
Rouf Library, Jhenidah Cadet College (JCC), Bangladesh